Sobre el poder civil (Record no. 169295)

MARC details
000 -LEADER
campo de control de longitud fija 01334nam a2200349 i 4500
001 - NÚMERO DE CONTROL
campo de control 169295
003 - IDENTIFICADOR DE NÚMERO DE CONTROL
campo de control ES-MaACL
005 - FECHA Y HORA DE LA ÚLTIMA TRANSACCIÓN
campo de control 20250707035513.0
008 - DATOS DE LONGITUD FIJA--INFORMACIÓN GENERAL
campo de control de longitud fija 080829s2007 sp |||| | spa d
017 ## - NÚMERO DE COPYRIGHT O DE DEPÓSITO LEGAL
Número de copyright o de depósito legal M-9.640-2007
020 ## - NÚMERO INTERNACIONAL ESTÁNDAR DEL LIBRO
Número Internacional Estándar del Libro 978-84-309-4519-1
080 ## - NÚMERO DE LA CLASIFICACIÓN DECIMAL UNIVERSAL
Número de la Clasificación Decimal Universal 342.2(02)"15"
080 ## - NÚMERO DE LA CLASIFICACIÓN DECIMAL UNIVERSAL
Número de la Clasificación Decimal Universal 341.3(02)"15"
080 ## - NÚMERO DE LA CLASIFICACIÓN DECIMAL UNIVERSAL
Número de la Clasificación Decimal Universal 341(02)"15"
100 1# - ENTRADA PRINCIPAL--NOMBRE DE PERSONA
Nombre de persona Vitoria, Francisco de.
9 (RLIN) 115517
245 10 - MENCIÓN DEL TÍTULO
Título Sobre el poder civil
Resto del título ; Sobre los indios ; Sobre el derecho de la guerra /
Mención de responsabilidad, etc. Francisco de Vitoria ; estudio preliminar, traducción y notas de Luis Frayle Delgado ; comentario crítico de José-Leandro Martínez-Cardós Ruiz.
250 ## - MENCION DE EDICION
Mención de edición 2ª ed.
260 ## - PUBLICACIÓN, DISTRIBUCIÓN, ETC.
Lugar de publicación, distribución, etc. Madrid :
Nombre del editor, distribuidor, etc. Tecnos,
Fecha de publicación, distribución, etc. 2007.
300 ## - DESCRIPCIÓN FÍSICA
Extensión LXXXI, 212 p. :
Otras características físicas ;
Dimensiones 20 m.
490 1# - MENCIÓN DE SERIE
Mención de serie Clásicos del pensamiento
504 ## - NOTA DE BIBLIOGRAFÍA, ETC.
Nota de bibliografía, etc. Bibliografía.
650 14 - PUNTO DE ACCESO ADICIONAL DE MATERIA--TÉRMINO DE MATERIA
Término de materia o nombre geográfico como elemento de entrada Estado-
Subdivisión general Obras anteriores a 1800.
9 (RLIN) 138394
650 14 - PUNTO DE ACCESO ADICIONAL DE MATERIA--TÉRMINO DE MATERIA
Término de materia o nombre geográfico como elemento de entrada Guerra (Derecho internacional)-
Subdivisión general Obras anteriores a 1800.
9 (RLIN) 138395
650 14 - PUNTO DE ACCESO ADICIONAL DE MATERIA--TÉRMINO DE MATERIA
Término de materia o nombre geográfico como elemento de entrada Derecho internacional-
Subdivisión general Obras anteriores a 1800.
9 (RLIN) 138396
700 1# - ENTRADA AGREGADA--NOMBRE PERSONAL
Nombre de persona Frayle Delgado, Luis.
9 (RLIN) 138397
700 1# - ENTRADA AGREGADA--NOMBRE PERSONAL
Nombre de persona Martínez-Cardós Ruiz, José-Leandro.
9 (RLIN) 138398
740 0# - ENTRADA AGREGADA--TÍTULO RELACIONADO/ANALÍTICO NO CONTROLADO
Título relacionado o analítico no controlado Sobre los indios.
740 0# - ENTRADA AGREGADA--TÍTULO RELACIONADO/ANALÍTICO NO CONTROLADO
Título relacionado o analítico no controlado Sobre el derecho de la guerra.
830 00 - PUNTO DE ACCESO ADICIONAL DE SERIE-TÍTULO UNIFORME
Título uniforme Clásicos del pensamiento
9 (RLIN) 177261
852 4# - LOCALIZACIÓN
Ubicación ES-MaACL
Número de control de estantería L-29646
itemnumber R.142928
Holdings
Estatus retirado Estado de pérdida Estado de daño No para préstamo Biblioteca de origen Biblioteca actual Ubicación en estantería Fecha de adquisición Fuente de adquisición Total de préstamos Signatura topográfica completa Código de barras Visto por última vez Precio de reemplazo Tipo de ítem Koha
        Biblioteca del Ateneo de Madrid Biblioteca del Ateneo de Madrid Depósito 2 29/08/2008     L-29646 1177738 23/02/2023 23/02/2023 Libro impreso